Flag Combinations - Statistics

General Stats
  • This quiz has been taken 20 times
  • The average score is 12 of 16
Answer Stats
Picture Answer % Correct
Australia and United States of America
94%
Sweden and Switzerland
94%
Canada and Iran
89%
Chad and Romania
89%
Finland and South Africa
89%
India and Panama
89%
Belgium and Germany
78%
Cyprus and Kosovo
78%
Hungary and Serbia
78%
Bangladesh and Palau
72%
Ecuador and Haiti
72%
Burkina Faso and Madagascar
67%
Mauritania and Nepal
67%
Guatemala and Nigeria
56%
Seychelles and Thailand
56%
Kyrgyzstan and Uruguay
39%
No matching quizzes found
Score Distribution
Percent of People with Each Score
Percentile by Number Answered
Your Score History
You have not taken this quiz